Súčasný stav a perspektívy rozvoja informačných a komunikačných technológií v poľnohospodárstve
Analýza súčasného stavu - úroveň hardvérového a softvérového vybavenia poľnohospodárskych podnikov, prevádzkovanie subsystémov IS v rámci intranetu, ako i zhodnotenie rozsahu využívania informačných a komunikačných technológií a internetu. Perspektívy v rozvoji. Výsledky dotazníkovej akcie.
Gespeichert in:
| 1. Verfasser: | |
|---|---|
| Weitere Verfasser: | |
| Format: | Buchkapitel |
| Sprache: | Slowakisch |
| Schlagworte: | |
| Tags: |
Keine Tags, Fügen Sie das erste Tag hinzu!
|
MARC
| LEADER | 00000naa$a2200000$$$4500 | ||
|---|---|---|---|
| 001 | 0021240 | ||
| 005 | 20231012081855.8 | ||
| 041 | 0 | |a slo | |
| 044 | |a SK | ||
| 245 | 1 | 0 | |a Súčasný stav a perspektívy rozvoja informačných a komunikačných technológií v poľnohospodárstve |c Mária Šajbidorová, Darina Tóthová |
| 520 | |a Analýza súčasného stavu - úroveň hardvérového a softvérového vybavenia poľnohospodárskych podnikov, prevádzkovanie subsystémov IS v rámci intranetu, ako i zhodnotenie rozsahu využívania informačných a komunikačných technológií a internetu. Perspektívy v rozvoji. Výsledky dotazníkovej akcie. | ||
| 610 | 2 | 0 | |a poľnohospodárstvo |
| 610 | 2 | 0 | |a technológie informačné |
| 610 | 2 | 0 | |a technológie komunikačné |
| 610 | 2 | 0 | |a hardvér |
| 610 | 2 | 0 | |a softvér |
| 610 | 2 | 0 | |a stratégia informačná |
| 100 | 1 | |a Šajbidorová, Mária | |
| 700 | 1 | |a Tothová, Darina | |